<?xml version="1.0" encoding="UTF-8"?>
<record
    xmlns:xsi="http://www.w3.org/2001/XMLSchema-instance"
    xsi:schemaLocation="http://www.loc.gov/MARC21/slim http://www.loc.gov/standards/marcxml/schema/MARC21slim.xsd"
    xmlns="http://www.loc.gov/MARC21/slim">

  <leader>00833nam a2200145   4500</leader>
  <controlfield tag="008">331.88 F828b</controlfield>
  <datafield tag="020" ind1=" " ind2=" ">
    <subfield code="a">9781608465354</subfield>
  </datafield>
  <datafield tag="082" ind1=" " ind2=" ">
    <subfield code="a">331.88</subfield>
    <subfield code="b">F828b</subfield>
  </datafield>
  <datafield tag="100" ind1=" " ind2=" ">
    <subfield code="a">Frank, Dana</subfield>
    <subfield code="9">6935</subfield>
  </datafield>
  <datafield tag="245" ind1=" " ind2=" ">
    <subfield code="a">Bananeras: </subfield>
    <subfield code="b">Women Transforming the Banana Unions of Latin America </subfield>
  </datafield>
  <datafield tag="260" ind1=" " ind2=" ">
    <subfield code="a">Chicago </subfield>
    <subfield code="b">Haymarket Books</subfield>
    <subfield code="c">2016</subfield>
  </datafield>
  <datafield tag="300" ind1=" " ind2=" ">
    <subfield code="a">137 p. </subfield>
    <subfield code="b">ill. </subfield>
    <subfield code="c">21,5 x 13,5 cm</subfield>
  </datafield>
  <datafield tag="505" ind1=" " ind2=" ">
    <subfield code="t">Introduction: On the road</subfield>
    <subfield code="t">Chapter One: The Work Enslaves Us</subfield>
    <subfield code="t">Chapter Two: SITRATERCO: Women&#xB4;s Power Is Union Power </subfield>
    <subfield code="t">Chapter Three: Honduras: A Free Space </subfield>
    <subfield code="t">Chapter Four: Latin American: The Big Challenge   </subfield>
    <subfield code="t">Chapter Five: The War at Home </subfield>
    <subfield code="t">Chapter Six: Global Allies</subfield>
    <subfield code="t">Conclusion: A New Kind of Labor Movement</subfield>
    <subfield code="t">Notes</subfield>
    <subfield code="t">Index</subfield>
    <subfield code="t">About the Author </subfield>
  </datafield>
  <datafield tag="650" ind1=" " ind2=" ">
    <subfield code="x">econom&#xED;a</subfield>
    <subfield code="x">trabajo</subfield>
    <subfield code="x">uniones laborales</subfield>
    <subfield code="x">banano - industria </subfield>
    <subfield code="x">agricultura - mujeres</subfield>
    <subfield code="x">America Latina </subfield>
    <subfield code="9">6936</subfield>
  </datafield>
  <datafield tag="999" ind1=" " ind2=" ">
    <subfield code="c">1739</subfield>
    <subfield code="d">1739</subfield>
  </datafield>
  <datafield tag="952" ind1=" " ind2=" ">
    <subfield code="0">0</subfield>
    <subfield code="1">0</subfield>
    <subfield code="2">ddc</subfield>
    <subfield code="4">0</subfield>
    <subfield code="7">0</subfield>
    <subfield code="a">LV</subfield>
    <subfield code="b">LV</subfield>
    <subfield code="c">Pensamiento</subfield>
    <subfield code="d">2019-03-13</subfield>
    <subfield code="l">0</subfield>
    <subfield code="o">331.88 F828b</subfield>
    <subfield code="p">004755</subfield>
    <subfield code="r">2019-03-13 00:00:00</subfield>
    <subfield code="w">2019-03-13</subfield>
    <subfield code="y">01</subfield>
  </datafield>
</record>
